| 000 | 00889nam a2200229 i 4500 | ||
|---|---|---|---|
| 003 | DO-SdBNP | ||
| 005 | 20240702132751.0 | ||
| 007 | ta | ||
| 008 | 180724s2024 dr d 000 spa d | ||
| 040 |
_aDO-SdBNP _bspa _cBNPHU _erda |
||
| 082 | 4 | _222 | |
| 245 | 0 | 0 |
_aTrabajo y salarios en caída libre : _bmejoras normativas y de política salarial ante retroceso del bienestar de los trabajadores. Resumen ejecutivo / _credacción de texto, Francisco Alberto Tavárez Vásquez |
| 264 |
_aSanto Domingo : _bConfederación Autónoma Sindical Clasista, _c2024. |
||
| 300 |
_a32 páginas : _bgráficos ; _c22 cm. |
||
| 336 |
_2rdacontent _atexto _btxt |
||
| 337 |
_2rdamedia _asin mediación _bn |
||
| 338 |
_2rdacarrier _avolumen _bnc |
||
| 590 | _aInventariado, 2024/BT | ||
| 700 | 1 |
_aTavárez Vásquez, Francisco Alberto, _eredacción de texto _984080 |
|
| 910 | _aBtavárez | ||
| 942 |
_2ddc _cLF2 |
||
| 999 |
_c47213 _d47213 |
||